00289nam a2200097Ia 4500008004100000082002000041100003000061245004100091260005000132300000900182150731s2012 xx 000 0 und d a615.53bCH 12 S aSHASHTRI PANDIT KASHINATH aCARAKA SAMHITA- HINDI VYAKHYA BHAG-2 bCHAUKHAMBHA SUNSKIRAT SANSTHAN VARNASHIc2012 a1124